Ngư tiều y thuật vấn đáp /

Kaydedildi:
Detaylı Bibliyografya
Yazar: Nguyễn Đình Chiểu
Materyal Türü: Sách giấy
Dil:Vietnamese
Baskı/Yayın Bilgisi: Long An : Ty Văn hoá Thông tin, 1982
Konular:
Etiketler: Etiketle
Etiket eklenmemiş, İlk siz ekleyin!
Thư viện lưu trữ: Thư viện Trường Đại học Đà Lạt
LEADER 00657nam a2200265 4500
001 DLU020005652
005 ##3/13/2000
041 # # |a vie 
082 # # |a 895.922 1  |b NG-C 
090 # # |a 895.922 1  |b NG-C 
100 # # |a Nguyễn Đình Chiểu 
245 # # |a Ngư tiều y thuật vấn đáp /  |c Nguyễn Đình Chiểu 
260 # # |a Long An :  |b Ty Văn hoá Thông tin,  |c 1982 
300 # # |a 271 tr.;   |c 19 cm. 
653 # # |a Thơ ca 
653 # # |a Văn học cận đại 
992 # # |a 2795 
994 # # |a DLU 
900 # # |a False 
911 # # |a Administrator 
925 # # |a G 
926 # # |a A 
927 # # |a SH 
980 # # |a Thư viện Trường Đại học Đà Lạt